000
00328 a2200157 4500
001
171027
020
_a
040
_c
Magnum
100
_a
Guimaraes, Florianete
240
1
0
_a
A gramatica le o texto
_l
por
245
1
0
_a
A gramatica le o texto
362
0
_a
1899
440
1
_a
Moderna
697
_a
GRAMATICA
942
_c
BK
999
_c
171027
_d
171027